00257nam a2200097Ia 4500001000800000005001700008008004100025020001800066245005600084260001900140126852920260417145252.0260417s9999 xx 000 0 und d a9786258159103 0aGazali ile Ateş ve Pamuk ArasındacÖzkan Öze bKetebe Çocuk